[Event "Pavlodar op"]
[Site "Pavlodar"]
[Date "2014.12.02"]
[Round "3"]
[White "Bekbolat, Armanbek"]
[Black "Gordievskiy, Vladimir V"]
[Result "0-1"]
[WhiteElo "1627"]
[BlackElo "2045"]
[PlyCount "58"]
[EventDate "2014.12.01"]
[EventType "swiss"]
[EventRounds "9"]
[EventCountry "KAZ"]
[SourceTitle "EXT 2016"]
[Source "ChessBase"]
[SourceDate "2015.10.08"]
[SourceVersion "1"]
[SourceVersionDate "2015.10.08"]
[SourceQuality "1"]

1. e4 c5 2. Nf3 d6 3. d4 cxd4 4. Nxd4 Nf6 5. Nc3 a6 6. Be2 e5 7. Nb3 Be6 8. Bf3 Nbd7 9. 0-0 Be7 10. g3 Rc8 11. Bg2 Qc7 12. Re1 0-0 13. Nd2 b5 14. a3 Nb6 15. Nf1 Nc4 16. Ne3 Nxe3 17. Bxe3 Rfd8 18. h3 Qc6 19. Bg5 h6 20. Bxf6 Bxf6 21. Kh2 a5 22. Rc1 Bg5 23. Nd5 Bxd5 24. exd5 Qc5 25. Rb1 Qxc2 26. Qxc2 Rxc2 27. Kg1 b4 28. axb4 axb4 29. b3 Ra8 0-1

[Event "Pavlodar op"]
[Site "Pavlodar"]
[Date "2014.12.02"]
[Round "2"]
[White "Malets, Aleksandr"]
[Black "Bekbolat, Armanbek"]
[Result "1-0"]
[WhiteElo "1939"]
[BlackElo "1627"]
[PlyCount "35"]
[EventDate "2014.12.01"]
[EventType "swiss"]
[EventRounds "9"]
[EventCountry "KAZ"]
[SourceTitle "EXT 2016"]
[Source "ChessBase"]
[SourceDate "2015.10.08"]
[SourceVersion "1"]
[SourceVersionDate "2015.10.08"]
[SourceQuality "1"]

1. e4 e5 2. Nf3 Nc6 3. d4 exd4 4. Nxd4 Nxd4 5. Qxd4 Qf6 6. Qe3 b6 7. Bc4 Bc5 8. Qe2 Ne7 9. 0-0 0-0 10. Nc3 c6 11. Be3 Bb4 12. Rad1 Bxc3 13. bxc3 Qxc3 14. Bd4 Qb4 15. a3 Qa5 16. Rd3 h6 17. Rg3 g5 18. Qh5 1-0